| 000 | 01992nam a22003737a 4500 | ||
|---|---|---|---|
| 001 | 103452 | ||
| 003 | KnowledgeUnlatched | ||
| 005 | 20210303104701.0 | ||
| 006 | m o d | ||
| 007 | cr u|||||||||| | ||
| 008 | 210129p20162017ne o u00| u eng d | ||
| 035 | _a(OCoLC)1030817506 | ||
| 037 | _5BiblioBoard | ||
| 245 | 0 | 0 |
_aJihad and Islam in World War I _cErik-Jan Zürcher. |
| 020 | _a9789087282509 | ||
| 029 | 1 | _ahttps://library.biblioboard.com/ext/api/media/05293a16-727d-40f3-8c95-ce603283ca03/assets/thumbnail.jpg | |
| 040 |
_aScCtBLL _cScCtBLL |
||
| 506 | 0 |
_aAccess copy available to the general public. _fUnrestricted _2star |
|
| 700 | 1 |
_aZürcher, Erik-Jan _eeditor. |
|
| 264 | 1 | _bLeiden University Press, | |
| 300 | _a1 online resource (357 p.) | ||
| 520 | _aThis books investigates the background and nature of the Ottoman Jihad proclamation, but also its effects in the wider Middle East. It looks at the German hopes and British fears of a worldwide rising of Muslims in the colonial empires. It also discusses the fierce academic debates caused by the Jihad proclamation, in which the 1915 manifesto of Leiden Islam scholar Christiaan Snouck Hurgronje (Holy War Made in Germany) played a key role.This title was made Open Access by libraries from around the world through Knowledge Unlatched. | ||
| 588 | 0 | _aDescription based on print version record. | |
| 590 | _aKnowledge Unlatched Round 2 | ||
| 650 | 7 |
_aHistory _2bisacsh |
|
| 650 | 7 |
_aPolitical Science _2bisacsh |
|
| 650 | 0 | _aHistory | |
| 655 | 0 | _aElectronic books. | |
| 758 |
_iIs found in: _aKnowledge Unlatched Round 2 _1https://openresearchlibrary.org/module/7e500862-ce21-4888-8253-ce0c16e934e3 |
||
| 856 | 4 | 0 |
_uhttps://openresearchlibrary.org/content/05293a16-727d-40f3-8c95-ce603283ca03 _zView this content on Open Research Library. _70 |
| 999 |
_c32290 _d32290 |
||